Datum a čas kvízu
35.5
Celkem bodů
Celkový počet nahraných bodů na tomto kvízu bez doplňovacích otázek.
2.
Pořadí na kvízu
Konečné umístění týmu na tomto kvízu.
Zaznamenané odpovědi
| # | Otázka | Odpověď | Body | Výsledky |
|---|---|---|---|---|
| 1. | Bývalá pražská primátorka Adri... | C) detektivní román | 0 | |
| 2. | Minulý týden byla jmenována no... | Zelení/Die Grünen | 1 | |
| 3. | Ve věku 86 let zemřel filmový... | Ivan Passer | 1 | |
| 4. | První český výrobce nealkoholi... | Mattoni, Košík.cz | 1 | |
| 5. | 36letá bývalá světová jednička... | Kim Clijstersová | 1 | |
| 6. | Rožnovský tým Kačeři vyhrál mo... | Dave Gahan | 1 | |
| 7. | Jak se jmenuje umělec, který v... | Marilyn Manson | 0 | |
| 8. | Podle čeho si tato kapela vybr... | B) podle časopisu | 1 | |
| 9. | Gary Numan, Ultravox, Devo...... | synthpop | 0 | |
| 10. | Depešáci ovlivnili řadu hudebn... | Shalom | 1 |